| 000 | 00869nam a2200217Ii 4500 | ||
|---|---|---|---|
| 003 | JO-AjNU | ||
| 008 | 230605s9999||||xx |||||||||||||| ||und|| | ||
| 017 | _a1994/2842 | ||
| 020 | _a977-01-6608-7 | ||
| 040 |
_aJO-AjNU _bara _erda _cJO-AjNU |
||
| 041 | _aara | ||
| 050 | 1 | 4 | _aPN771.F7312 1994 |
| 100 | 3 |
_aتاليف فريزر، ج.س.؛ ترجمة أحمد سلامة محمد السيد, _eauthor _916139 |
|
| 245 | 0 | 0 | _aالكاتب الحديث وعالمه: النصف الأول من القرن العشرين = The Modren Writer and His World، الجزء الاول |
| 264 | 3 | 1 | _aالقاهرة: الهيئة المصرية العامة للكتاب، 1994 |
| 300 | _aج1، 225ص | ||
| 336 |
_atext _btxt _2rdacontent |
||
| 337 |
_aunmediated _bn _2rdamedia |
||
| 338 |
_avolume _bnc _2rdacarrier |
||
| 650 | 4 |
_aالادب الحديث - القرن 20 _916140 |
|
| 999 |
_aA4716 _c8284 _d8284 |
||